000
00315nam a2200133Ia 4500
008
230818s1986 xx 000 0 und d
041
_a
eng
100
_a
Pelczar
245
_a
Microbiology
260
_b
Mc Grawhill Pub.
_c
1986
300
_a
918p
520
_a
Hard Board | Reference Copy
999
_c
853799
_d
853799
650
_a
Food Safety